[Event "29.Schlosspark-Open"]
[Site "Wiesbaden-Biebrich"]
[Date "2017.08.27"]
[Round "6.1"]
[White "Pap, Misa"]
[Black "Brendel, Oliver"]
[Result "1-0"]
[WhiteElo "2491"]
[BlackElo "2329"]
[PlyCount "61"]
[EventDate "2017.??.??"]
[WhiteTeam "SC Hansa Dortmund"]
[BlackTeam "SV Hofheim"]

1. e4 c6 2. d4 d5 3. Nd2 g6 4. h3 Bg7 5. Ngf3 Nf6 6. e5 Nfd7 7. Nb3 c5 8. e6
fxe6 9. Ng5 Qb6 10. Qe2 cxd4 11. Qxe6 Qxe6+ 12. Nxe6 Be5 13. f4 Bd6 14. Nexd4
Nc6 15. g4 Nf6 16. Bg2 Bd7 17. Nb5 Bb8 18. Be3 a6 19. Nc3 e6 20. O-O-O Bc7 21.
Nc5 O-O-O 22. Nxd7 Rxd7 23. Rhf1 Re8 24. Na4 Rf7 25. Bd2 Nd7 26. f5 gxf5 27.
gxf5 Rxf5 28. Rxf5 exf5 29. Bxd5 Ne7 30. Be6 Rd8 31. Bg5 1-0

[Event "29.Schlosspark-Open"]
[Site "Wiesbaden-Biebrich"]
[Date "2017.08.27"]
[Round "6.2"]
[White "Stork, Oliver"]
[Black "Milov, Leonid"]
[Result "0-1"]
[WhiteElo "2093"]
[BlackElo "2444"]
[PlyCount "76"]
[EventDate "2017.??.??"]
[WhiteTeam "SV Oberursel"]
[BlackTeam "SC Noris-Tarrasch Nürnberg"]

1. c4 f5 2. g3 Nf6 3. Bg2 e5 4. Nc3 Bb4 5. Qc2 Bxc3 6. Qxc3 Qe7 7. e3 a5 8. Ne2
Nc6 9. d3 O-O 10. O-O d6 11. b3 e4 12. d4 Nb4 13. a3 Nd3 14. Nf4 Nxc1 15. Rfxc1
c6 16. h4 Qf7 17. Rd1 h6 18. d5 c5 19. Qd2 Ra6 20. b4 axb4 21. axb4 Rxa1 22.
Rxa1 g5 23. hxg5 hxg5 24. Ne2 b6 25. bxc5 bxc5 26. Nc3 Ng4 27. Nb5 Qf6 28. Ra7
Qh6 29. Rc7 Ba6 30. Rc6 Bxb5 31. cxb5 f4 32. exf4 gxf4 33. gxf4 Qh2+ 34. Kf1
Rxf4 35. Rc8+ Kf7 36. Rc7+ Kg6 37. Bxe4+ Rxe4 38. Rg7+ Kxg7 0-1

[Event "29.Schlosspark-Open"]
[Site "Wiesbaden-Biebrich"]
[Date "2017.08.27"]
[Round "6.3"]
[White "Boidman, Yuri"]
[Black "Dereviagin, Vladislav"]
[Result "1-0"]
[WhiteElo "2319"]
[BlackElo "2320"]
[PlyCount "47"]
[EventDate "2017.??.??"]
[WhiteTeam "SC Heimbach-Weis"]
[BlackTeam "vereinslos"]

1. e4 c5 2. Nf3 d6 3. d4 cxd4 4. Qxd4 Nc6 5. Bb5 Bd7 6. Bxc6 Bxc6 7. Nc3 e6 8.
Bg5 Nf6 9. O-O-O Be7 10. Qd3 O-O 11. Nd4 Qa5 12. f4 Rac8 13. Kb1 Rfe8 14. h4 d5
15. Bxf6 Bxf6 16. e5 Be7 17. f5 Bb4 18. f6 Bxc3 19. Qg3 g6 20. Nb3 Bxe5 21.
Qxe5 Qc7 22. Qg5 Qd6 23. h5 Qf8 24. hxg6 1-0

[Event "29.Schlosspark-Open"]
[Site "Wiesbaden-Biebrich"]
[Date "2017.08.27"]
[Round "6.4"]
[White "Khenkin, Igor"]
[Black "Jahnel, Günther"]
[Result "1-0"]
[WhiteElo "2565"]
[BlackElo "2222"]
[PlyCount "61"]
[EventDate "2017.??.??"]
[WhiteTeam "SC Heusenstamm"]
[BlackTeam "FVS ASP Hoyerswerda"]

1. d4 Nf6 2. c4 c5 3. d5 b5 4. cxb5 a6 5. bxa6 Bxa6 6. Nc3 d6 7. Nf3 g6 8. e4
Bxf1 9. Kxf1 Bg7 10. g3 O-O 11. Kg2 Qb6 12. Rb1 Na6 13. Qe2 Nc7 14. Bg5 Rfb8
15. a4 h6 16. Bf4 Qa6 17. Qc2 Rb4 18. Bd2 Qb7 19. Rhe1 Rb6 20. a5 Rb3 21. Na4
Qb5 22. Nb6 Rd8 23. Bc3 Nfe8 24. e5 Bxe5 25. Nxe5 dxe5 26. Rxe5 Ng7 27. Rxe7
Nxd5 28. Nxd5 Rxd5 29. Qe4 Rf5 30. g4 Rg5 31. a6 1-0

[Event "29.Schlosspark-Open"]
[Site "Wiesbaden-Biebrich"]
[Date "2017.08.27"]
[Round "6.5"]
[White "Gutman, Lev"]
[Black "Nagel, Bernhard"]
[Result "1-0"]
[WhiteElo "2410"]
[BlackElo "2212"]
[PlyCount "111"]
[EventDate "2017.??.??"]
[WhiteTeam "SV Lingen"]
[BlackTeam "Kölner SK Dr. Lasker"]

1. Nf3 d5 2. g3 c6 3. Bg2 Bg4 4. O-O Nd7 5. d3 e6 6. c4 Bd6 7. Be3 Ne7 8. Qb3
a5 9. Bg5 f6 10. Bc1 O-O 11. Nbd2 Nc5 12. Qc2 Na6 13. a3 b5 14. e4 Qb6 15. b3
Rfd8 16. d4 c5 17. e5 fxe5 18. dxe5 Bc7 19. cxd5 exd5 20. Bb2 Qg6 21. Qc1 Qh5
22. h4 Rf8 23. Nh2 Be2 24. Re1 Rad8 25. Qc2 d4 26. Qe4 d3 27. Bf3 Bxf3 28.
Nhxf3 Qg6 29. Qxg6 Nxg6 30. h5 Ne7 31. Ng5 Rd5 32. Ne6 Re8 33. a4 bxa4 34. Rxa4
Nc6 35. Nxc7 Nxc7 36. f4 Rb8 37. Rc4 Ne6 38. Kf2 Ncd4 39. Bxd4 Nxd4 40. Rb1 Kf7
41. Ke3 Rb5 42. Ke4 Rd8 43. f5 Rdb8 44. g4 Nxb3 45. Rxb3 Rxb3 46. Nxb3 Rxb3 47.
Rxc5 Rb4+ 48. Kxd3 Rxg4 49. Rc7+ Kf8 50. h6 a4 51. hxg7+ Rxg7 52. Rc8+ Kf7 53.
Ke4 Rg1 54. Rc7+ Ke8 55. f6 h5 56. e6 1-0

[Event "29.Schlosspark-Open"]
[Site "Wiesbaden-Biebrich"]
[Date "2017.08.27"]
[Round "6.6"]
[White "Friesen, Viktor"]
[Black "Spitzl, Vinzent"]
[Result "1-0"]
[WhiteElo "2167"]
[BlackElo "2310"]
[PlyCount "87"]
[EventDate "2017.??.??"]
[WhiteTeam "SC Porta Westfalica"]
[BlackTeam "SV Griesheim"]

1. Nf3 d5 2. g3 c5 3. Bg2 Nf6 4. O-O Nc6 5. d4 cxd4 6. Nxd4 e5 7. Nxc6 bxc6 8.
c4 Be6 9. Nc3 Qd7 10. Qa4 Rc8 11. cxd5 cxd5 12. Qxd7+ Kxd7 13. Rd1 Bd6 14. Nxd5
Nxd5 15. Bxd5 Bxd5 16. Rxd5 Ke6 17. Rd1 Rc2 18. Rd2 Rhc8 19. Rxc2 Rxc2 20. Kf1
Bb4 21. a3 Bc5 22. Ke1 Bd4 23. Rb1 Kd5 24. Kd1 Rc6 25. e3 Bb6 26. Bd2 g5 27. b4
Rh6 28. h4 e4 29. hxg5 Rh1+ 30. Be1 Kc4 31. a4 Kd3 32. a5 Bd8 33. Rb3+ Kc4 34.
Rc3+ Kd5 35. Ke2 Kd6 36. Rc8 Bc7 37. Ra8 Rh5 38. Rxa7 Rxg5 39. Ra6+ Kd7 40. Rh6
Rb5 41. Rxh7 Ke6 42. Rh4 f5 43. Rh5 Rb7 44. Rh7 1-0

[Event "29.Schlosspark-Open"]
[Site "Wiesbaden-Biebrich"]
[Date "2017.08.27"]
[Round "6.7"]
[White "Hoppe, Thilo"]
[Black "Ehmann, Thilo"]
[Result "0-1"]
[WhiteElo "2084"]
[BlackElo "2294"]
[PlyCount "58"]
[EventDate "2017.??.??"]
[WhiteTeam "SC Bonn Beuel"]
[BlackTeam "SF Sasbach"]

1. d4 d5 2. c4 e6 3. Nc3 c5 4. cxd5 cxd4 5. Qxd4 Nc6 6. Qd1 exd5 7. Qxd5 Bd7 8.
Nf3 Nf6 9. Qb3 Bc5 10. e3 Qc7 11. a3 O-O-O 12. Be2 Kb8 13. Qc2 g5 14. Nxg5 Rhg8
15. Nce4 Nxe4 16. Nxe4 Bb6 17. Ng3 h5 18. Nxh5 Rxg2 19. Nf4 Rg5 20. h4 Rc5 21.
Qb3 Na5 22. Qa2 Ba4 23. b4 Rc2 24. Qb1 Nc6 25. Rg1 Rxe2+ 26. Kxe2 Nd4+ 27. Kf1
Bb5+ 28. Kg2 Rg8+ 29. Kh3 Bd7+ 0-1

[Event "29.Schlosspark-Open"]
[Site "Wiesbaden-Biebrich"]
[Date "2017.08.27"]
[Round "6.9"]
[White "Donchenko, Anatoly"]
[Black "Frey, Thomas"]
[Result "1-0"]
[WhiteElo "2291"]
[BlackElo "2050"]
[PlyCount "47"]
[EventDate "2017.??.??"]
[WhiteTeam "SK Gießen"]
[BlackTeam "SV Reutlingen"]

1. Nf3 Nf6 2. c4 d6 3. Nc3 g6 4. g3 Bg7 5. Bg2 O-O 6. O-O Nc6 7. Rb1 e5 8. d3
h6 9. b4 Re8 10. b5 Ne7 11. a4 Rb8 12. Ba3 b6 13. a5 Bb7 14. Qc2 Nd7 15. Ne1
Bxg2 16. Nxg2 Nf5 17. Nd5 Nd4 18. Qd1 Nf6 19. Nge3 bxa5 20. Nxf6+ Bxf6 21. Nd5
c6 22. bxc6 Rxb1 23. Qxb1 Nxc6 24. Qb5 1-0

[Event "29.Schlosspark-Open"]
[Site "Wiesbaden-Biebrich"]
[Date "2017.08.27"]
[Round "6.10"]
[White "Weidel, Albrecht"]
[Black "Muckle, Julius"]
[Result "0-1"]
[WhiteElo "2108"]
[BlackElo "2309"]
[PlyCount "86"]
[EventDate "2017.??.??"]
[WhiteTeam "SF Ravensburg"]
[BlackTeam "SK Ludwigshafen"]

1. d4 d5 2. c4 c6 3. Nf3 Nf6 4. Nc3 e6 5. Bg5 h6 6. Bh4 dxc4 7. e4 g5 8. Bg3 b5
9. h4 g4 10. Ne5 Bb4 11. Be2 Nxe4 12. Rc1 Bxc3+ 13. bxc3 Nxg3 14. fxg3 Nd7 15.
Nxg4 h5 16. Nf2 Qc7 17. Ne4 f5 18. Bxh5+ Kd8 19. O-O fxe4 20. Qg4 Qd6 21. Rf7
Kc7 22. Rcf1 b4 23. Bg6 bxc3 24. Qxe4 Rb8 25. R1f6 c2 26. Qxc2 Qxd4+ 27. Kh2
Rb2 28. Qa4 Kb8 29. Rf4 Qd5 30. Be4 Qb5 31. Qa3 Qb4 32. Qe3 Qd2 33. Qa3 Rb6 34.
Qe7 c5 35. Qg5 Qd4 36. Qe7 Qd6 37. Qg5 Qe5 38. Qe7 c3 39. Bc2 Qd6 40. Qg5 Qe5
41. Qe7 Rb2 42. Ba4 Qd5 43. Rf3 Rb7 0-1

[Event "29.Schlosspark-Open"]
[Site "Wiesbaden-Biebrich"]
[Date "2017.08.27"]
[Round "6.11"]
[White "Haag, Martin"]
[Black "Biegler, Markus"]
[Result "1/2-1/2"]
[WhiteElo "2263"]
[BlackElo "2071"]
[PlyCount "28"]
[EventDate "2017.??.??"]
[WhiteTeam "SC Bonn Beuel"]
[BlackTeam "SC Illingen"]

1. c4 e6 2. g3 f5 3. Bg2 Nf6 4. Nf3 Be7 5. O-O O-O 6. Nc3 d6 7. b4 Qe8 8. d3
Qh5 9. Bb2 e5 10. e3 g5 11. Nd2 Qh6 12. Nd5 Bd8 13. f4 Nbd7 14. Qf3 c6 1/2-1/2

[Event "29.Schlosspark-Open"]
[Site "Wiesbaden-Biebrich"]
[Date "2017.08.27"]
[Round "6.12"]
[White "Kiefer, Daniel"]
[Black "Köllner, Christof"]
[Result "1-0"]
[WhiteElo "2219"]
[BlackElo "2105"]
[PlyCount "43"]
[EventDate "2017.??.??"]
[WhiteTeam "SF Mainz"]
[BlackTeam "SV Bergneustadt/Derschlag"]

1. d4 d6 2. e4 Nf6 3. Nc3 e5 4. Nf3 Nbd7 5. g4 Nxg4 6. Rg1 exd4 7. Nxd4 Nde5 8.
h3 Nf6 9. f4 Ng6 10. Qe2 c6 11. Be3 h5 12. O-O-O Qa5 13. Rg5 Qc7 14. e5 dxe5
15. fxe5 Ng4 16. e6 Nxe3 17. Qxe3 Ne7 18. Ndb5 cxb5 19. Nxb5 Qh2 20. Qf2 f6 21.
Qxh2 fxg5 22. Nc7# 1-0

[Event "29.Schlosspark-Open"]
[Site "Wiesbaden-Biebrich"]
[Date "2017.08.27"]
[Round "6.13"]
[White "Bauer, Claus"]
[Black "Pohle, Dirk"]
[Result "1-0"]
[WhiteElo "2102"]
[BlackElo "2180"]
[PlyCount "95"]
[EventDate "2017.??.??"]
[WhiteTeam "SF Mainz"]
[BlackTeam "SC Solingen 28"]

1. d4 e6 2. Nf3 b6 3. e3 Bb7 4. Bd3 f5 5. c4 Nf6 6. O-O Be7 7. Nc3 O-O 8. b3
Qe8 9. Bb2 Qh5 10. Ne5 Qh6 11. Qe2 d6 12. Nf3 Ne4 13. Nd2 d5 14. cxd5 exd5 15.
Rfc1 Nd7 16. Nf1 Nxc3 17. Rxc3 Bd6 18. a4 a5 19. Ba3 Rae8 20. Bxd6 Qxd6 21. Qc2
c6 22. Bxf5 Nf6 23. Ng3 Kh8 24. Re1 Rg8 25. Bd3 g6 26. Rc1 Kg7 27. h3 Rgf8 28.
Ne2 Rf7 29. Ng3 Ref8 30. Rf1 Nd7 31. e4 dxe4 32. Bxe4 Qxd4 33. Bxc6 Bxc6 34.
Rxc6 Nc5 35. Ne2 Qb4 36. f3 Rf6 37. Rc7+ Kg8 38. Kh1 Qh4 39. Qc3 Re8 40. Nd4
Qf4 41. Ra7 Ne4 42. Qc4+ Kh8 43. Ne2 Qd6 44. Rc1 Nc5 45. Nc3 Rfe6 46. Ne4 Nxe4
47. fxe4 Rxe4 48. Qxe4 1-0

[Event "29.Schlosspark-Open"]
[Site "Wiesbaden-Biebrich"]
[Date "2017.08.27"]
[Round "6.14"]
[White "Bischoff, Ulrich"]
[Black "Engel, Berthold"]
[Result "0-1"]
[WhiteElo "2071"]
[BlackElo "2177"]
[PlyCount "128"]
[EventDate "2017.??.??"]
[WhiteTeam "Sfr. Erbach"]
[BlackTeam "BG Buchen"]

1. e4 e6 2. d4 d5 3. Nc3 Nf6 4. Bg5 Be7 5. e5 Ng8 6. Be3 b6 7. h4 h5 8. Be2 g6
9. Nf3 Ba6 10. Bxa6 Nxa6 11. a3 Nb8 12. Qd2 Nc6 13. Ne2 Qd7 14. b4 a5 15. O-O
Kf8 16. c3 Kg7 17. Rfd1 Nh6 18. Bxh6+ Rxh6 19. Nf4 Bd8 20. Qd3 Ne7 21. c4 c6
22. Rac1 Nf5 23. g3 axb4 24. axb4 Be7 25. Qb3 Rhh8 26. Ra1 Rhc8 27. b5 Rxa1 28.
Rxa1 dxc4 29. Qxc4 cxb5 30. Qd3 b4 31. d5 exd5 32. Nxd5 Rd8 33. Rd1 Bc5 34. Ng5
Ne7 35. Nxb4 Qxd3 36. Rxd3 Rxd3 37. Nxd3 Nd5 38. Nxc5 bxc5 39. Ne4 c4 40. Kf1
Kf8 41. Ke2 Ke7 42. Nc5 f6 43. f4 Kf7 44. Kf3 fxe5 45. fxe5 c3 46. Ke2 c2 47.
Kd2 Ne3 48. Nd3 Nf1+ 49. Kxc2 Nxg3 50. Nf4 Nf5 51. e6+ Ke7 52. Ng2 Kxe6 53.
Nf4+ Kf6 54. Ng2 Ne7 55. Kd3 Kf5 56. Ke3 Kg4 57. Kf2 Nf5 58. Kg1 Nxh4 59. Ne3+
Kg3 60. Nd5 Nf3+ 61. Kh1 Ne5 62. Ne7 h4 63. Kg1 h3 64. Kh1 Ng4 0-1

[Event "29.Schlosspark-Open"]
[Site "Wiesbaden-Biebrich"]
[Date "2017.08.27"]
[Round "6.15"]
[White "Eveleens, Wim"]
[Black "Klein, Joachim"]
[Result "1-0"]
[WhiteElo "2059"]
[BlackElo "2170"]
[PlyCount "33"]
[EventDate "2017.??.??"]
[WhiteTeam "Santpoort"]
[BlackTeam "SC Illingen"]

1. c4 Nf6 2. g3 c6 3. Nf3 d5 4. Bg2 Bg4 5. cxd5 cxd5 6. Ne5 Bf5 7. Qa4+ Nbd7 8.
g4 Be6 9. Nc3 h6 10. h4 Qb6 11. d3 d4 12. Nb5 Nxg4 13. Bf4 Rc8 14. O-O g5 15.
Rac1 Rc5 16. Rxc5 Qxc5 17. Rc1 1-0

[Event "29.Schlosspark-Open"]
[Site "Wiesbaden-Biebrich"]
[Date "2017.08.27"]
[Round "6.16"]
[White "Everett, Elijah"]
[Black "Gentner, Markus"]
[Result "1-0"]
[WhiteElo "2168"]
[BlackElo "2010"]
[PlyCount "143"]
[EventDate "2017.??.??"]
[WhiteTeam "SF Schöneck"]
[BlackTeam "SC Murrhardt"]

1. e4 c6 2. d4 d5 3. Nd2 dxe4 4. Nxe4 Nf6 5. Nxf6+ exf6 6. c3 Bd6 7. Bd3 O-O 8.
Qc2 Re8+ 9. Ne2 h6 10. Be3 Qc7 11. O-O-O Be6 12. c4 Na6 13. a3 c5 14. Kb1 Bg4
15. h3 cxd4 16. Bxd4 Be6 17. Be3 Nc5 18. Bh7+ Kh8 19. Nd4 a6 20. Bf5 Be5 21.
Rhe1 Rac8 22. Nxe6 Nxe6 23. c5 g6 24. Bxe6 Rxe6 25. Bxh6 Kh7 26. Be3 b6 27. Rd5
Bf4 28. Qd2 bxc5 29. Rd7 Qe5 30. Rxf7+ Kg8 31. Qd7 Rc7 32. Rg7+ Kh8 33. Rh7+
Kg8 34. Rg7+ Kh8 35. Qxc7 Qf5+ 36. Ka1 Bxc7 37. Rxc7 Qd5 38. g3 c4 39. Rc1 Re4
40. h4 Kg8 41. Rc5 Qd3 42. Rc6 Kf7 43. Rxa6 Qd5 44. Rc3 Re8 45. Ra7+ Re7 46.
Rxe7+ Kxe7 47. Ka2 Kd7 48. a4 Ke6 49. Bb6 Kf5 50. a5 Kg4 51. Ka3 Qb5 52. b3
cxb3 53. Rxb3 Qc6 54. a6 Qc1+ 55. Kb4 f5 56. a7 Qc6 57. Be3 f4 58. gxf4 Qb7+
59. Kc4 Qa6+ 60. Kd5 Qa2 61. Ke5 Qa1+ 62. Bd4 Qa5+ 63. Ke6 Qf5+ 64. Ke7 Qe4+
65. Be5 Qa8 66. Ra3 Qb7+ 67. Kf6 Qa8 68. Kg7 Kh5 69. Kh7 Qb7+ 70. Bg7 Qa8 71.
Ra6 Kxh4 72. Kxg6 1-0

[Event "29.Schlosspark-Open"]
[Site "Wiesbaden-Biebrich"]
[Date "2017.08.27"]
[Round "6.17"]
[White "Müller, Lutz"]
[Black "Zilberman, Polina"]
[Result "1/2-1/2"]
[WhiteElo "2042"]
[BlackElo "2149"]
[PlyCount "107"]
[EventDate "2017.??.??"]
[WhiteTeam "SC Bad Königshofen"]
[BlackTeam "SC Rohrbach-Boxberg"]

1. d4 Nf6 2. Nf3 e6 3. e3 c5 4. Bd3 b6 5. Qe2 Bb7 6. Nbd2 Be7 7. O-O O-O 8. b3
cxd4 9. exd4 Nd5 10. Be4 Nc3 11. Qe3 Nxe4 12. Nxe4 f5 13. Ned2 Nc6 14. a3 Qe8
15. Bb2 Qg6 16. c4 Bd6 17. Rad1 Rae8 18. Qg5 Qf7 19. b4 h6 20. Qh4 Qg6 21. Rfe1
Ne7 22. Qh3 f4 23. c5 Bb8 24. Nc4 Qc2 25. Rc1 Qd3 26. Rc3 Qh7 27. cxb6 Nd5 28.
Rcc1 axb6 29. Nce5 g5 30. Qh5 Qg7 31. b5 Nf6 32. Qg6 g4 33. Qxg7+ Kxg7 34. Nd2
d6 35. Nc6 Nd5 36. Ne4 Bc7 37. a4 f3 38. Ba3 Nf4 39. Na5 Ne2+ 40. Rxe2 fxe2 41.
Nxb7 Bb8 42. Nbxd6 Bxd6 43. Bxd6 Rg8 44. Be5+ Kg6 45. Nd6 Ra8 46. f3 gxf3 47.
gxf3 Rxa4 48. Kf2 Rga8 49. Rg1+ Kh5 50. Kxe2 Ra2+ 51. Ke3 R8a3+ 52. Kf4 Rxh2
53. Rg4 Rh3 54. Rg3 1/2-1/2

[Event "29.Schlosspark-Open"]
[Site "Wiesbaden-Biebrich"]
[Date "2017.08.27"]
[Round "6.18"]
[White "Neukirchner, Pascal"]
[Black "Belz, Frank-Martin"]
[Result "1/2-1/2"]
[WhiteElo "2142"]
[BlackElo "2021"]
[PlyCount "185"]
[EventDate "2017.??.??"]
[WhiteTeam "SK Gründau"]
[BlackTeam "SK Freising"]

1. d4 d5 2. c4 c6 3. Nf3 Nf6 4. e3 Bg4 5. h3 Bxf3 6. Qxf3 e6 7. Nc3 Bb4 8. Bd2
a5 9. Bd3 O-O 10. a3 Bd6 11. O-O Nbd7 12. e4 e5 13. exd5 exd4 14. Ne4 Ne5 15.
Qf5 Nxe4 16. Qxe4 Nxd3 17. Qxd3 cxd5 18. Qxd4 dxc4 19. Bc3 f6 20. Rad1 Ra6 21.
Qxc4+ Kh8 22. Qb5 Qc7 23. Rd5 Bxa3 24. Bxa5 Rxa5 25. Qxa5 Qxa5 26. Rxa5 Bxb2
27. Rb1 b6 28. Rd5 Be5 29. Rxb6 Rc8 30. g3 h6 31. Rb7 Kh7 32. Rdd7 Rg8 33. f4
Bc3 34. Rf7 Kg6 35. g4 Kh7 36. Kg2 Kh8 37. Kf3 Kh7 38. Ke4 Kg6 39. h4 h5 40.
gxh5+ Kh6 41. Kf5 Be1 42. Rb1 Re8 43. Rbb7 Rg8 44. Kg4 Bf2 45. Rb2 Be1 46. Re7
Bc3 47. Rc2 Bd4 48. Rg2 f5+ 49. Kxf5 Kxh5 50. Ke4 Bf6 51. Rf7 Ra8 52. Rb7 Ra4+
53. Kf5 Ra5+ 54. Ke6 Ra4 55. Rb8 Ra6+ 56. Kd5 g6 57. Rg8 Bb2 58. Rg5+ Kh6 59.
Ke4 Kh7 60. Rc8 Bf6 61. Rg2 Ra4+ 62. Kf3 Bxh4 63. Rh2 g5 64. fxg5 Kg6 65. Rc5
Bxg5 66. Rg2 Rf4+ 67. Ke2 Rf5 68. Rxf5 Kxf5 69. Kf3 Bf6 70. Ra2 Be5 71. Ra5 Ke6
72. Ke4 Bc7 73. Ra6+ Kd7 74. Kd5 Kc8 75. Kc6 Kb8 76. Ra1 Be5 77. Rf1 Ka8 78.
Kd7 Bg3 79. Kc8 Bb8 80. Rf8 Ka7 81. Rf7+ Ka8 82. Rf2 Ba7 83. Rb2 Bd4 84. Rb4
Bc5 85. Rb5 Ba7 86. Kc7 Be3 87. Rb8+ Ka7 88. Rb4 Ka8 89. Re4 Bf2 90. Kc6 Bg1
91. Re8+ Ka7 92. Re7+ Ka8 93. Re8+ 1/2-1/2

[Event "29.Schlosspark-Open"]
[Site "Wiesbaden-Biebrich"]
[Date "2017.08.27"]
[Round "6.19"]
[White "Wolf, Andreas"]
[Black "Goloborodko, Dimitri"]
[Result "1/2-1/2"]
[WhiteElo "1993"]
[BlackElo "2114"]
[PlyCount "22"]
[EventDate "2017.??.??"]
[WhiteTeam "FVS ASP Hoyerswerda"]
[BlackTeam "SG Idstein"]

1. d4 d5 2. Nf3 c6 3. c4 e6 4. g3 f5 5. Bg2 Nf6 6. O-O Bd6 7. Nc3 O-O 8. Bg5
Bd7 9. Qb3 Qb6 10. Qd1 Qd8 11. Qb3 Qb6 1/2-1/2

[Event "29.Schlosspark-Open"]
[Site "Wiesbaden-Biebrich"]
[Date "2017.08.27"]
[Round "6.20"]
[White "Pauls, Wilhelm"]
[Black "Kregelin, Jan"]
[Result "0-1"]
[WhiteElo "1993"]
[BlackElo "2112"]
[PlyCount "60"]
[EventDate "2017.??.??"]
[WhiteTeam "SG Kaarst"]
[BlackTeam "FVS ASP Hoyerswerda"]

1. e4 c5 2. Nf3 d6 3. d4 cxd4 4. Nxd4 Nf6 5. Nc3 a6 6. Bg5 e6 7. f4 Be7 8. Qf3
Qc7 9. O-O-O Nbd7 10. g4 b5 11. Bxf6 Nxf6 12. g5 Nd7 13. f5 Bxg5+ 14. Kb1 O-O
15. fxe6 Nb6 16. Bh3 fxe6 17. Qh5 Bf6 18. Nxe6 Bxe6 19. Bxe6+ Kh8 20. Rd3 g6
21. Qe2 b4 22. Nd5 Nxd5 23. exd5 Qg7 24. Rb3 a5 25. h4 Rfb8 26. h5 a4 27. hxg6
axb3 28. Rxh7+ Qxh7 29. gxh7 bxa2+ 30. Ka1 Bxb2+ 0-1

[Event "29.Schlosspark-Open"]
[Site "Wiesbaden-Biebrich"]
[Date "2017.08.27"]
[Round "6.21"]
[White "Chandler, Patrick"]
[Black "Reitz, Philipp"]
[Result "1-0"]
[WhiteElo "2211"]
[BlackElo "1978"]
[PlyCount "101"]
[EventDate "2017.??.??"]
[WhiteTeam "SC Nied"]
[BlackTeam "VfR-SC Koblenz"]

1. d4 Nf6 2. Nf3 e6 3. Bf4 d5 4. e3 c5 5. c3 Nc6 6. Nbd2 Be7 7. h3 O-O 8. Bd3
h6 9. Qc2 Bd7 10. Rd1 c4 11. Be2 b5 12. e4 b4 13. e5 Nh7 14. h4 f5 15. exf6
Nxf6 16. Bxh6 gxh6 17. Qg6+ Kh8 18. Qxh6+ Kg8 19. Rh3 Bd6 20. Ne5 Nxe5 21. dxe5
Bxe5 22. Qg5+ Kf7 23. Qxe5 Qb8 24. Nf3 Ke7 25. Qxb8 Raxb8 26. Ne5 Kd6 27. Nxc4+
Kc5 28. Ne5 Bb5 29. Bxb5 Kxb5 30. cxb4 Rbc8 31. Nd3 Ne4 32. f3 Rc2 33. fxe4
dxe4 34. a4+ Kb6 35. Rd2 exd3 36. Rhxd3 Rxd2 37. Kxd2 Rf2+ 38. Kc3 Rxg2 39.
Rd6+ Kc7 40. Rxe6 Rg3+ 41. Kd4 Rb3 42. Kc5 Rxb2 43. Re7+ Kb8 44. h5 Rc2+ 45.
Kb5 Rh2 46. Rh7 Rf2 47. h6 Rf5+ 48. Kc6 Rf6+ 49. Kd5 Rf4 50. Rg7 a5 51. h7 1-0

[Event "29.Schlosspark-Open"]
[Site "Wiesbaden-Biebrich"]
[Date "2017.08.27"]
[Round "6.22"]
[White "Hermannsdörfer, Frank"]
[Black "Rau, Christian"]
[Result "1-0"]
[WhiteElo "2180"]
[BlackElo "1915"]
[PlyCount "39"]
[EventDate "2017.??.??"]
[WhiteTeam "SV Liebschwitz"]
[BlackTeam "SV Rüsselsheim"]

1. b3 e5 2. Bb2 Nc6 3. e3 d5 4. Bb5 Bd6 5. f4 Qe7 6. Nf3 f6 7. Nc3 Be6 8. O-O
a6 9. Bxc6+ bxc6 10. fxe5 fxe5 11. Nxe5 Bxe5 12. Qh5+ Bf7 13. Rxf7 Qxf7 14.
Qxe5+ Qe7 15. Nxd5 Qxe5 16. Bxe5 Kf7 17. Rf1+ Nf6 18. Nxf6 gxf6 19. Rxf6+ Ke7
20. Rxc6 1-0

[Event "29.Schlosspark-Open"]
[Site "Wiesbaden-Biebrich"]
[Date "2017.08.27"]
[Round "6.23"]
[White "Köllner, Ruben Gideon"]
[Black "Berberich, Christoph"]
[Result "1-0"]
[WhiteElo "2176"]
[BlackElo "1948"]
[PlyCount "85"]
[EventDate "2017.??.??"]
[WhiteTeam "SG Bochum"]
[BlackTeam "SGEM Dreisamtal"]

1. d4 c5 2. e3 cxd4 3. exd4 Nf6 4. Nf3 g6 5. Bd3 Bg7 6. O-O O-O 7. c3 d5 8. Re1
Nc6 9. Nbd2 Bf5 10. Nf1 Bxd3 11. Qxd3 Ne4 12. Ng3 Nxg3 13. hxg3 e6 14. g4 Qd6
15. g5 e5 16. dxe5 Nxe5 17. Nxe5 Bxe5 18. Be3 Rfd8 19. Rad1 Bh2+ 20. Kf1 Bf4
21. g3 Bxe3 22. Rxe3 Rac8 23. Qe2 Qc6 24. Kg1 Rd6 25. Qd2 Rcd8 26. Rd3 b5 27.
Rd4 a5 28. b3 Rc8 29. c4 bxc4 30. bxc4 Qa4 31. cxd5 Qa3 32. Rd3 Qc5 33. Qf4
Rcd8 34. Qe5 Qc2 35. R1d2 Qb1+ 36. Kg2 Qb7 37. Kh2 Qb4 38. Rd4 Qc5 39. Kg2 Qb5
40. Rd1 Qb2 41. Rh1 h5 42. gxh6 f6 43. Qe7 1-0

[Event "29.Schlosspark-Open"]
[Site "Wiesbaden-Biebrich"]
[Date "2017.08.27"]
[Round "6.24"]
[White "Martin, Reiner"]
[Black "Carow, Annelen"]
[Result "1/2-1/2"]
[WhiteElo "1983"]
[BlackElo "2120"]
[PlyCount "55"]
[EventDate "2017.??.??"]
[WhiteTeam "SC Bad Soden"]
[BlackTeam "SF Heidesheim"]

1. Nf3 c5 2. c4 Nc6 3. g3 g6 4. Bg2 Bg7 5. Nc3 e6 6. d3 Nge7 7. Bg5 h6 8. Bd2
b6 9. a3 Bb7 10. O-O d6 11. Rb1 O-O 12. Qc1 Kh7 13. b4 Qd7 14. e3 Rac8 15. Rd1
Rfd8 16. Ne2 e5 17. b5 Nb8 18. e4 Qc7 19. a4 a5 20. Rf1 Rf8 21. Ne1 Rce8 22.
Nc2 Bc8 23. Ne3 Qd8 24. Nc3 Be6 25. h3 Qc8 26. Kh2 Qd8 27. Qd1 f6 28. Qe2
1/2-1/2

[Event "29.Schlosspark-Open"]
[Site "Wiesbaden-Biebrich"]
[Date "2017.08.27"]
[Round "6.25"]
[White "Puschendorf, Steffen"]
[Black "Muckle, Richard"]
[Result "1/2-1/2"]
[WhiteElo "2115"]
[BlackElo "1936"]
[PlyCount "95"]
[EventDate "2017.??.??"]
[WhiteTeam "ESV Gera"]
[BlackTeam "SK Ludwigshafen"]

1. d4 d5 2. Nf3 Nf6 3. c4 e6 4. g3 Bb4+ 5. Bd2 Bxd2+ 6. Nbxd2 O-O 7. Bg2 Qe7 8.
O-O Nc6 9. Qb3 Ne4 10. e3 Nxd2 11. Nxd2 Na5 12. Qc3 Nxc4 13. Nxc4 dxc4 14. Qxc4
c6 15. Qc3 Rd8 16. Rad1 Bd7 17. Rd2 Be8 18. Rfd1 Kf8 19. Qd3 Kg8 20. Qb3 Rac8
21. h4 b6 22. e4 Rc7 23. d5 cxd5 24. exd5 exd5 25. Bxd5 Rcd7 26. Rd3 Qc5 27.
Rd4 Rd6 28. Qf3 g6 29. b4 Qc7 30. Qf4 Kg7 31. h5 Qe7 32. h6+ Kf8 33. Bxf7 Rxd4
34. Rxd4 Rxd4 35. Qxd4 Qxf7 36. Qd6+ Kg8 37. Qe5 b5 38. g4 Qd7 39. g5 Qg4+ 40.
Kh2 Qh4+ 41. Kg1 Qg4+ 42. Kh2 Qd7 43. Kg1 Qf7 44. a3 Qd7 45. Kh2 Qf7 46. Kg3
Qd7 47. Kh2 Qf7 48. Kg3 1/2-1/2

[Event "29.Schlosspark-Open"]
[Site "Wiesbaden-Biebrich"]
[Date "2017.08.27"]
[Round "6.26"]
[White "Flach, Erich"]
[Black "Arns, Alexander"]
[Result "1-0"]
[WhiteElo "2105"]
[BlackElo "1891"]
[PlyCount "79"]
[EventDate "2017.??.??"]
[WhiteTeam "SK Langen"]
[BlackTeam "SF HN-Biberach"]

1. c4 Nf6 2. Nc3 e6 3. d4 Bb4 4. Qc2 O-O 5. Bg5 d5 6. e3 Nbd7 7. cxd5 exd5 8.
Bd3 h6 9. Bh4 c6 10. Nf3 Re8 11. O-O Qa5 12. Ne2 Bd6 13. Bg3 Qc7 14. b4 Nh5 15.
Bxd6 Qxd6 16. b5 c5 17. dxc5 Nxc5 18. Rac1 b6 19. Nc3 Nf6 20. Na4 Nxd3 21. Qxd3
Bb7 22. h3 Ne4 23. Qd4 Re7 24. Qb2 f5 25. Nd4 Rf7 26. Ne2 g5 27. f3 Ng3 28.
Nxg3 Qxg3 29. Qd4 Re8 30. Nc3 Qe5 31. Rfe1 Rfe7 32. Kf2 Qd6 33. Re2 Re5 34.
Rce1 Rc8 35. Rd2 Rce8 36. Rd3 Rc8 37. e4 Rc4 38. Qxc4 fxe4 39. Qd4 Rf5 40. Nxe4
1-0

[Event "29.Schlosspark-Open"]
[Site "Wiesbaden-Biebrich"]
[Date "2017.08.27"]
[Round "6.27"]
[White "Bader, Dominic"]
[Black "Brechlin, Olaf"]
[Result "1-0"]
[WhiteElo "2087"]
[BlackElo "1879"]
[PlyCount "59"]
[EventDate "2017.??.??"]
[WhiteTeam "SG Büchenbach/Roth"]
[BlackTeam "FVS ASP Hoyerswerda"]

1. e4 Nc6 2. Nf3 d5 3. exd5 Qxd5 4. Nc3 Qa5 5. Bb5 Bd7 6. O-O a6 7. Bc4 Bg4 8.
h3 Bh5 9. a3 e6 10. d4 Nf6 11. Be3 Qf5 12. Be2 Bd6 13. Qd2 Bxf3 14. Bxf3 O-O
15. Be2 Ne4 16. Nxe4 Qxe4 17. f4 Qg6 18. c4 Rad8 19. Qc3 Rfe8 20. Bf3 f6 21.
Rad1 e5 22. fxe5 fxe5 23. Bd5+ Kh8 24. Bxc6 exd4 25. Bxe8 Qg3 26. Bxd4 Qh2+ 27.
Kf2 Rxe8 28. Bxg7+ Kg8 29. Rxd6 cxd6 30. Bh6 1-0